| 000 | 00000nam 2200000zi 4500 |
| 001 | 9.910249 |
| 003 | CaOODSP |
| 005 | 20250918143126 |
| 006 | m o d f |
| 007 | cr |n||||||||| |
| 008 | 220413t20212021onc o f|0| 0 eng d |
| 020 | |a9780660430881 |
| 040 | |aCaOODSP|beng|erda|cCaOODSP |
| 043 | |an-cn--- |
| 086 | 1 |aBT53-33/2021E-PDF |
| 245 | 00|aPolicy on the planning and management of investments. |
| 264 | 1|a[Ottawa] : |bTreasury Board of Canada Secretariat = Secrétariat du Conseil du Trésor du Canada, |c2021. |
| 264 | 4|c©2021 |
| 300 | |a1 online resource (27 unnumbered pages) |
| 336 | |atext|btxt|2rdacontent |
| 337 | |acomputer|bc|2rdamedia |
| 338 | |aonline resource|bcr|2rdacarrier |
| 500 | |aIssued also in French under title: Politique sur la planification et la gestion des investissements. |
| 500 | |aIssued also in HTML format. |
| 500 | |aCover title. |
| 500 | |a"Published: 2021-06-28." |
| 650 | 0|aInvestments|xGovernment policy|zCanada. |
| 710 | 1 |aCanada. |bTreasury Board, |eissuing body. |
| 775 | 08|tPolitique sur la planification et la gestion des investissements.|w(CaOODSP)9.910248 |
| 794 | |tPolicy on the planning and management of investments / Directive on the management of real property.|w(CaOODSP)9.955503 |
| 856 | 40|qPDF|s211 KB|uhttps://publications.gc.ca/collections/collection_2022/sct-tbs/BT53-33-2021-eng.pdf |
| 856 | 4 |qHTML|sN/A|uhttps://www.tbs-sct.canada.ca/pol/doc-eng.aspx?id=32593 |